الإسلام وأوضاعنا السياسية / (Record no. 15952)
[ view plain ]
| 000 -الفاتح | |
|---|---|
| حقل البيانات ثابتة الطول | 00669nam a22001577a 4500 |
| 008 - عناصر البيانات ثابتة الطول - معلومات عامة | |
| حقل البيانات ثابتة الطول | 110905s1955 ua|||||r|||| 00| 0 ara d |
| 082 ## - رقم تصنيف ديوى العشرى | |
| رقم الطبعة | 22 |
| رقم التصنيف | 214.32 |
| رقم المادة | ع و د |
| 100 ## - المدخل الرئيسى - إسم شخصى | |
| 9 (RLIN) | 27017 |
| الإسم الشخصى | عوده ، عبد القادر |
| 245 ## - بيان العنوان | |
| العنوان | الإسلام وأوضاعنا السياسية / |
| بيان المسئوليه,etc | عبد القادر عودة |
| 260 ## - PUBLICATION, DISTRIBUTION, ETC. (IMPRINT) | |
| مكان الناشر او الموزع | القاهرة : |
| اسم الناشر او الموزع | مطبعة دار الكاتب العربي، 1951 |
| تاريخ النشر أو التوزيع | 1951 |
| 300 ## - الوصف المادى | |
| التعداد | 227 ص ؛ |
| أبعاد الوعاء | 21 سم |
| 650 ## - المدخل الاضافى بالموضوع-مصطلح موضوعى | |
| 9 (RLIN) | 13370 |
| مصطلح موضوعي أو اسم جغرافي كعنصر مدخل | الإسلام والسياسة |
| 653 ## - مصطلح تكشيفى غير مقيد | |
| Resource For college | |
| 942 ## - عناصر المدخل الإضافي( كوها) | |
| مصدر التصنيف او مخطط الترفيف | Dewey Decimal Classification |
| Koha [default] item type | Book - Borrowing |
| حالة التراجع | حالة الفقد | مصدر التصنيف او خطة الترفيف | حالة تلف | ليس للاعارة | مجموعات كوها | المكان الدائم | المكان الحالي | موقع الترفيف | تاريخ الاكتساب | Source of acquisition | رقم الاستدعاء | الباركود | Date last seen | نوع الوعاء |
|---|---|---|---|---|---|---|---|---|---|---|---|---|---|---|
| Dewey Decimal Classification | Central Library | Central Library | Lower Floor | 05/09/2011 | 214.32 ع و د | 000024657 | 15/07/2025 | Book - Borrowing |